000 00909nmm a2200277 a 4500
001 ocm000780074
003 TR-IsHL
005 20201028143306.0
008 140318s2013 tu tur
007 cr cn
020 _a9786055350314
035 _a780074
_b(N$T)
050 0 4 _aPL248.K86
_bB84 2013
090 0 4 _aPL248.K86
_bB84 2013
100 1 _aKurbetoğlu, Halil
245 1 0 _aBu gam defteri’nin tamamı yok mu
_h[electronic resource] /
_cHalil Kurbetoğlu ; ed. İsmail Kutlu Özalp
260 _aİstanbul :
_bArk Kitapları,
_c2013
300 _a132 p.
650 4 _aDil ve Edebiyat
650 4 _aLanguage and Literature
650 0 _aTürk denemeleri
650 0 _aTurkish essasy
650 7 _aLITERARY COLLECTIONS / Middle Eastern
_2bisacsh
700 1 _aÖzalp, İsmail Kutlu
856 4 0 _uhttp://search.ebscohost.com/login.aspx?direct=true&scope=site&db=e011xww&AN=780074
999 _c8820
_d8820